Statystyki dla Przelicz od 1 do 20

Kliknij tutaj aby rozwiązać quiz!

Ogólne statystyki

  • Ten quiz został rozwiązany 326 razy
  • Średni wynik to 18 z 20

Statystyki odpowiedzi

Liczba% Poprawnych
1
99%
2
98%
3
98%
4
96%
5
96%
6
96%
7
95%
8
95%
9
92%
10
89%
12
88%
11
85%
13
85%
14
84%
15
83%
16
82%
17
76%
18
75%
19
72%
20
64%

Rozkład punktacji

Percentyl według liczby udzielonych odpowiedzi

Procent ludzi z każdym wynikiem

Twoja historia wyników

Nie rozwiązałeś tego quizu